000 00247nam a22001217a 4500
040 _cSY
082 _a338
100 _aCHHAY KONGKEA
245 _aAgricultural policy analysis
260 _aRUA
_bCHHAY KONGKEA
_c2013
300 _a367
942 _cEK
999 _c8887
_d8887